Most Populous Cities in the Ancient Greek Empire Today - Statistics

General Stats
  • This quiz has been taken 308 times
  • The average score is 12 of 22
Answer Stats
Population City % Correct
3,800,000 Athens
99%
14,600,000 Istanbul
90%
20,400,000 Cairo
83%
4,900,000 Alexandria
81%
5,200,000 Ankara
73%
15,200,000 Tehran
73%
8,700,000 Baghdad
69%
The third largest city in France was founded on the south coast by the Greeks Marseille
67%
24,300,000 Karachi
61%
4,700,000 Islamabad
57%
4,600,000 Kabul
56%
4,100,000 Izmir
55%
10,100,000 Lahore
51%
3,700,000 Tel Aviv
44%
4,000,000 Amman
41%
Bulgarian port city central to Greek control over the Black Sea Odessus or Varna
41%
3,100,000 Naples
34%
One of the earliest cities inhabited in Central Asia that flourished due to the Silk Road Samarqand
25%
3,500,000 Hyderabad (Pakistan)
20%
3,300,000 Mashhad
20%
A once existing city near Lahore that Alexander the Great named after his horse Bucephalus
14%
Hint City
0%
No matching quizzes found
Score Distribution
Percent of People with Each Score
Percentile by Number Answered
Your Score History
You have not taken this quiz